Principles and techniques of personel management / human resource management / (Record no. 127498)

MARC details
000 -LEADER
fixed length control field 00879nam a22002537a 4500
005 - DATE AND TIME OF LATEST TRANSACTION
control field 20170124110026.0
010 ## - LIBRARY OF CONGRESS CONTROL NUMBER
LC control number A-991918
020 ## - INTERNATIONAL STANDARD BOOK NUMBER
Terms of availability 00.00
International Standard Book Number 8176291919
035 ## - SYSTEM CONTROL NUMBER
System control number A-991918
037 ## - SOURCE OF ACQUISITION
Source of stock number/acquisition Cen Lib/Ret
040 ## - CATALOGING SOURCE
Original cataloging agency DPL
Language of cataloging EN
082 ## - DEWEY DECIMAL CLASSIFICATION NUMBER
Classification number 658.3
Item number BHA
100 ## - MAIN ENTRY--PERSONAL NAME
Personal name Bhatia, S.K.
9 (RLIN) 11132
245 ## - TITLE STATEMENT
Title Principles and techniques of personel management / human resource management /
Statement of responsibility, etc by S.K. Bhatia [and] Nirmal Singh
250 ## - EDITION STATEMENT
Edition statement 2nd rev. ed
260 ## - PUBLICATION, DISTRIBUTION, ETC. (IMPRINT)
Place of publication, distribution, etc New Delhi
Name of publisher, distributor, etc Deep & Deep Publications
Date of publication, distribution, etc 2000
270 ## - ADDRESS
City New Delhi
Address F-159, rajouri garden
Postal code 110027
300 ## - PHYSICAL DESCRIPTION
Extent xxvi, 510p.
Dimensions 20cm(Hb)
500 ## - GENERAL NOTE
General note Includes index and bibliographical references
650 ## - SUBJECT ADDED ENTRY--TOPICAL TERM
Topical term or geographic name as entry element Human resouces management
9 (RLIN) 20661
650 ## - SUBJECT ADDED ENTRY--TOPICAL TERM
Topical term or geographic name as entry element Personel management
General subdivision Principles and techniques
9 (RLIN) 20662
700 ## - ADDED ENTRY--PERSONAL NAME
Personal name Nirmal Singh
9 (RLIN) 20663
942 ## - ADDED ENTRY ELEMENTS (KOHA)
Source of classification or shelving scheme Dewey Decimal Classification
Koha item type English Books
Classification part 658.3
Call number suffix BHA
Holdings
Withdrawn status Lost status Damaged status Not for loan Home library Current library Date acquired Source of acquisition Cost, normal purchase price Total Checkouts Full call number Barcode Date last seen Copy number Cost, replacement price Price effective from Koha item type Public note
Written off       Central Library Central Library 29/06/2015 Cen Lib/Ret 0.00   658.3 BHA A-991918 29/06/2015 1 0.00 29/06/2015 English Books W/d List No. 6884/20 ; dtd 05/09/2020

© Delhi Public Library
Hit Counter
free hit counter